| 000 | 01207nam a2200229Ia 4500 | ||
|---|---|---|---|
| 003 | Ost | ||
| 005 | 20260507075234.0 | ||
| 008 | 260507s9999||||xx |||||||||||||| ||und|| | ||
| 040 | _cfsecg | ||
| 041 | _aara | ||
| 082 | _a330 | ||
| 100 |
_aطعمة، حسين ياسين _eمؤلف |
||
| 245 | 0 |
_aنظرية اتخاذ القرارات : _bأسلوب كمي تحليلي / _c حسين ياسين طعمة |
|
| 260 |
_aعمان: _bدار صفاء, _c2009 |
||
| 300 |
_a310 صفحة؛ _bإيضاحات ؛ _c24 سم |
||
| 504 | _aمراجع ص.307 | ||
| 520 | _aمدخل إلى نظريات القرارات ، مقدمة في نظرية الاحتمالات ، إتخاذ القرارات في حالة المخاطرة و في حالة عدم التأكد التام ، أساليب تدعيم عملية إتخاذ القرار ، الأسلوب المعياري في إتخاذ القرارات، تحليل نماذج السيطرة على المخزون ،تحليل نماذج صفوف الانتظار ، تحليل ماركوف ، تحليل المعولية. | ||
| 653 | _aاتخاذ القرارات | ||
| 653 | _aإدارة الاعمال | ||
| 653 | _aالادارة | ||
| 942 | _cكتاب | ||
| 999 |
_c43573 _d43573 |
||